The hypnotist (Record no. 46075)
[ view plain ]
| 000 -LEADER | |
|---|---|
| fixed length control field | 00642nam a2200181 a 4500 |
| 008 - FIXED-LENGTH DATA ELEMENTS--GENERAL INFORMATION | |
| fixed length control field | 130627s2012 ||||||||||||||||| || u |
| 020 ## - INTERNATIONAL STANDARD BOOK NUMBER | |
| International Standard Book Number | 9780007359127 |
| 050 ## - LIBRARY OF CONGRESS CALL NUMBER | |
| Classification number | PT 9877.21.E65 H96 |
| 100 ## - MAIN ENTRY--PERSONAL NAME | |
| Personal name | Lars, Kepler |
| 245 14 - TITLE STATEMENT | |
| Title | The hypnotist |
| Statement of responsibility, etc. | by Lars Kepler |
| 260 ## - PUBLICATION, DISTRIBUTION, ETC. | |
| Place of publication, distribution, etc. | Hammersmith- London: |
| Name of publisher, distributor, etc. | HarperCollins Publishers |
| Date of publication, distribution, etc. | 2012 |
| 300 ## - PHYSICAL DESCRIPTION | |
| Extent | 616p. |
| 650 ## - SUBJECT ADDED ENTRY--TOPICAL TERM | |
| Topical term or geographic name entry element | BOYS--FICTION |
| 650 ## - SUBJECT ADDED ENTRY--TOPICAL TERM | |
| Topical term or geographic name entry element | MURDER VICTIMS--FICTION |
| 650 ## - SUBJECT ADDED ENTRY--TOPICAL TERM | |
| Topical term or geographic name entry element | CHILDREN OF MURDER VICTIMS--FICTION |
| 650 ## - SUBJECT ADDED ENTRY--TOPICAL TERM | |
| Topical term or geographic name entry element | HYPNOTISTS--FICTION |
| 995 ## - RECOMMENDATION 995 [LOCAL, UNIMARC FRANCE] | |
| -- | CBU-MAIN LIBRARY (Kitwe) |
| -- | 1 |
| -- | AVAILABLE |
| -- | Jul 16, 2013 |
| -- | Fiction Collection |
| Withdrawn status | Lost status | Source of classification or shelving scheme | Damaged status | Not for loan | Home library | Current library | Shelving location | Date acquired | Total Checkouts | Full call number | Barcode | Date last seen | Date last checked out | Price effective from | Koha item type |
|---|---|---|---|---|---|---|---|---|---|---|---|---|---|---|---|
| CBU-MAIN LIBRARY, KITWE. | CBU-MAIN LIBRARY, KITWE. | 11/30/2022 | 1 | PT 9877.21.E65 H96 | 744178 | 04/11/2025 | 03/21/2025 | 11/30/2022 | MONOGRAPH |